Sports Quiz

Random Sports or NFL Quiz

Last 5 Playoff QBs for Each NFL Team Quiz Stats

 Plays Quiz Updated Jan 7, 2019

Challenge
Share
Tweet
Embed
Score 0/154 Timer 15:00
14 Plays Today
Answer % Correct
Peyton Manning
95.3%
Peyton Manning
95.3%
Eli Manning
95.2%
Matt Ryan
93.4%
Carson Palmer
93.2%
Carson Palmer
93.2%
Tom Brady
92.7%
Joe Flacco
92.5%
Pat Ryan
92.2%
Aaron Rodgers
91.7%
Tony Romo
91.2%
Cam Newton
91%
Alex Smith
90.5%
Alex Smith
90.5%
Brett Favre
90.4%
Brett Favre
90.4%
Drew Brees
90%
Drew Brees
90%
Kurt Warner
88.5%
Kurt Warner
88.4%
Matt Stafford
88.3%
Russell Wilson
88%
Dak Prescott
86%
Jay Cutler
85.9%
Philip Rivers
85.2%
Andrew Luck
84.8%
Ben Roethlisberger
83.7%
Andy Dalton
83.7%
Michael Vick
83.2%
Michael Vick
83.2%
Drew Bledsoe
81.6%
Blake Bortles
80.9%
Troy Aikman
79.7%
Kirk Cousins
79.5%
Jim Kelly
78.2%
Steve Young
77.5%
Deshaun Watson
77.4%
Vince Young
77.2%
Donovan McNabb
76.4%
Colin Kaepernick
76.4%
Joe Montana
75.1%
Teddy Bridgewater
74.8%
Matt Hasselbeck
72.9%
Robert Griffin
72.9%
Dan Marino
72.8%
Steve McNair
71.6%
Steve McNair
71.6%
John Elway
71.5%
Mark Sanchez
70.5%
Jake Delhomme
69.7%
Tim Tebow
69.7%
Lamar Jackson
69.3%
Answer % Correct
Brad Johnson
69%
Brad Johnson
69%
Rob Johnson
68.8%
Nick Foles
68.2%
Trent Dilfer
67.1%
Matt Schaub
66.9%
Rich Gannon
65.5%
Bart Starr
65.5%
Case Keenum
64.6%
Brock Osweiler
64.1%
Rex Grossman
63.5%
Jake Plummer
62.9%
Jake Plummer
62.9%
Kerry Collins
62.6%
Kerry Collins
62.6%
Kerry Collins
62.6%
Todd Collins
62.2%
Mark Brunell
61.7%
Mark Brunell
61.7%
Chad Pennington
61.2%
Chad Pennington
61.2%
Vinny Testaverde
61.2%
Vinny Testaverde
61.2%
Phil Simms
61.1%
Matt Moore
60.8%
Chris Simms
60.7%
Jeff Garcia
60.5%
Jeff Garcia
60.5%
Jeff Garcia
60.5%
Ken Anderson
56.7%
Trent Green
56%
David Garrard
55.3%
Warren Moon
55.2%
Marc Bulger
54.8%
Kordell Stewart
54%
Dan Fouts
54%
Mitchell Trubisky
53.1%
Boomer Esiason
52.5%
A.J. McCarron
51.6%
Connor Cook
51.5%
Jim Harbaugh
50.7%
Byron Leftwich
49.3%
Matt Cassel
48.1%
Bernie Kosar
47.8%
Aaron Brooks
47.1%
Chris Chandler
45.9%
Doug Flutie
45.7%
Tarvaris Jackson
44.9%
Tommy Maddox
43.4%
Brian Hoyer
42.1%
Quincy Carter
40.5%
Neil O'Donnell
40.5%
Answer % Correct
T.J. Yates
40%
Jeff Hostetler
39.7%
Jeff Hostetler
39.7%
Elvis Grbac
38.3%
Elvis Grbac
38.3%
Jeff George
37.2%
Bert Jones
37.1%
Dave Krieg
35%
Dave Krieg
35%
Jim Everett
34.8%
Jon Kitna
34.1%
Tony Eason
33%
Scott Mitchell
32.8%
Stan Humphries
31.3%
Jay Fiedler
30.2%
Frank Reich
29.9%
Tyrod Taylor
29.5%
Steve Grogan
29.1%
Jim Miller
28.9%
Ken O'Brien
28.9%
Chris Miller
28.9%
Shaun King
26.4%
Neil Lomax
23.9%
Bobby Hebert
23.9%
Jared Goff
23.8%
Joe Webb
22.4%
Erik Kramer
22.3%
Ryan Lindley
21.3%
Kelly Holcomb
20.2%
Marcus Mariota
20.2%
Steve Beuerlein
18.5%
Lynn Dickey
18%
Gus Frerotte
17.4%
Gus Frerotte
17.4%
Jay Schroeder
16.5%
Ty Detmer
16.2%
David Woodley
15.8%
Todd Marinovich
13.6%
Mike Tomczak
13.4%
Steve Bono
13%
Steve Walsh
11.9%
Steve Walsh
11.9%
Anthony Wright
10.6%
Dieter Brock
9%
Danny Kanell
8.6%
Scott Zolak
7.9%
Don Strock
7.3%
Paul McDonald
6.7%
Jack Trudeau
6.5%
Scott Hunter
4.2%

You're not logged in!

Compare scores with friends on all Sporcle quizzes.
OR
Log In

You Might Also Like...

Show Comments

Extras

Top Quizzes Today


Score Distribution

Your Account Isn't Verified!

In order to create a playlist on Sporcle, you need to verify the email address you used during registration. Go to your Sporcle Settings to finish the process.

Report this User

Report this user for behavior that violates our Community Guidelines.

Details: